Poskytovanie finančnej asistencie v právnom prostredí SR
Pôvod a účel uplatňovania zákazu finančnej asistencie. Finančná asistencia v SR. Pravidlá finančnej asistencie v spojitosti s financovaním akvizície na trhu M&A. Zjemnenie právnej úpravy finančnej asistencie na úrovni EÚ. Úprava finančnej asistencie v ČR.
Salvato in:
| Autore principale: | |
|---|---|
| Natura: | Capitolo di libro |
| Lingua: | slovacco |
| Soggetti: | |
| Tags: |
Nessun Tag, puoi essere il primo ad aggiungerne!!
|
MARC
| LEADER | 00000naa a2200000 4500 | ||
|---|---|---|---|
| 001 | 0224329 | ||
| 005 | 20221019162126.4 | ||
| 041 | 0 | |a slo | |
| 044 | |a SK | ||
| 245 | 1 | 0 | |a Poskytovanie finančnej asistencie v právnom prostredí SR |c Matúš Medvec |
| 520 | |a Pôvod a účel uplatňovania zákazu finančnej asistencie. Finančná asistencia v SR. Pravidlá finančnej asistencie v spojitosti s financovaním akvizície na trhu M&A. Zjemnenie právnej úpravy finančnej asistencie na úrovni EÚ. Úprava finančnej asistencie v ČR. | ||
| 610 | 2 | 0 | |a financie |
| 610 | 2 | 0 | |a spoločnosti obchodné |
| 610 | 2 | 0 | |a spoločnosti akciové |
| 610 | 2 | 0 | |a poriadok právny |
| 610 | 2 | 0 | |a Slovensko |
| 610 | 2 | 0 | |a Česko |
| 610 | 2 | 0 | |a Európska únia |
| 610 | 2 | 0 | |a akvizícia |
| 610 | 2 | 0 | |a akcie |
| 100 | 1 | |a Medvec, Matúš | |